|
|
|
|
| LEADER |
00000nam0a2200000 4500 |
| 001 |
220053 |
| 005 |
20231031195320.0 |
| 010 |
|
|
|a 0201142279
|
| 035 |
|
|
|a (RuTPU)RU\TPU\book\240164
|
| 090 |
|
|
|a 220053
|
| 100 |
|
|
|a 20120808d1987 k y0engy50 ba
|
| 101 |
0 |
|
|a eng
|
| 102 |
|
|
|a GB
|
| 105 |
|
|
|a y z 001zy
|
| 200 |
1 |
|
|a Software Development with Ada
|f I. Sommerville, R. Morrison
|
| 210 |
|
|
|a England
|c Addison-Wesley Publishing Company
|d 1987
|
| 215 |
|
|
|a 360 p.
|
| 320 |
|
|
|a Bibliography: p. 349-354.
|
| 320 |
|
|
|a Index: p. 355-360.
|
| 610 |
1 |
|
|a программирование
|
| 610 |
1 |
|
|a программное обеспечение
|
| 610 |
1 |
|
|a языки
|
| 610 |
1 |
|
|a Ada
|
| 610 |
1 |
|
|a разработка
|
| 675 |
|
|
|a 681.3.06
|v 3
|
| 700 |
|
1 |
|a Sommerville
|b I.
|g Ian
|
| 701 |
|
1 |
|a Morrison
|b R.
|g Ron
|
| 801 |
|
1 |
|a RU
|b 63413507
|c 20120808
|
| 801 |
|
2 |
|a RU
|b 63413507
|c 20120824
|g RCR
|
| 942 |
|
|
|c BK
|